[Event "Yingmei CHN-chT 2018"]
[Site "Guangdong"]
[Date "2018.11.30"]
[Round "22"]
[White "Liang, Jinrong"]
[Black "Xu, Minghui"]
[Result "1-0"]
[WhiteElo "2465"]
[BlackElo "2334"]
[Annotator "TA"]
[PlyCount "85"]
[EventDate "2018.07.09"]
[EventType "team-tourn"]
[EventCountry "CHN"]
[SourceTitle "playchess.com"]
[Source "ChessBase"]
[SourceQuality "1"]

{[%evp 37,85,10,14,2,26,29,98,102,120,101,102,108,100,106,144,151,315,93,100,91,110,122,148,159,237,240,235,235,230,219,217,221,229,208,318,331,327,326,330,329,330,312,286,222,347,355,582,587,584,584]} 1. e4 e5 2. Nf3 Nc6 3. Bb5 a6 4. Ba4 Nf6 5. O-O Be7 6. Re1 b5 7. Bb3 d6 8. c3 O-O 9. h3 Re8 10. d4 Bb7 11. Nbd2 {[%cal Bb1d2,Bd2f1,Bf1g3][%mdl 32]} Bf8 12. d5 Nb8 {[%cal Bc6b8,Bb8d7,Bd7c5][%mdl 32]} 13. Nf1 Nbd7 14. Ng3 Nc5 15. Bc2 {C92: Closed Ruy Lopez: 9...Be6, Karpov and Flohr-Zaitsev Variations} c6 16. b4 Ncd7 17. dxc6 Bxc6 18. Bb3 h6 19. Nh2 (19. Nh4 a5 20. a3 Nb6 21. Ng6 axb4 22. cxb4 d5 23. Nxf8 Kxf8 24. Bxh6 gxh6 {½-½ (154) Wang,H (2709)-Grischuk,A (2772) Huaian 2017}) 19... a5 {LiveBook: 18 Games} 20. a3 Qc7 21. Ng4 Qb7 (21... Bb7 $11 {keeps the balance.}) 22. Qf3 $16 d5 {[#]} 23. Bxh6 $1 {[%mdl 512]} dxe4 (23... gxh6 24. Nxf6+) 24. Qf5 $146 {Strongly threatening Bxg7!} Bd5 25. Bxd5 {[%mdl 64] Overworked Piece} Nxd5 26. Nxe4 {Rad1 is the strong threat.} gxh6 $2 {[#]} (26... Ne7 $16 27. Qh5 Qc6) 27. Qxd7 $1 {[%mdl 512]} Qxd7 28. Ngf6+ Kg7 29. Nxd7 Rad8 30. Nxf8 Kxf8 (30... a4 $16 {was called for.} 31. c4 bxc4) 31. bxa5 $18 Ra8 32. a4 b4 33. cxb4 Nxb4 {next ...Nc2 is good for Black.} 34. Rab1 Nc6 35. Rec1 Re6 (35... Nxa5 $142 36. Rb5 Ra6) 36. Nc5 Rg6 37. a6 Kg7 38. Rb6 Nb8 39. Rxg6+ fxg6 40. a5 Kf7 (40... Nxa6 {keeps fighting.} 41. Rc4 Nxc5) 41. Rb1 Nc6 $2 (41... Nxa6 42. Rb7+ Ke8) 42. Rb7+ Kg8 43. Rb6 {Accuracy: White = 79%, Black = 41%.} 1-0

[Event "Yingmei CHN-chT 2018"]
[Site "Guangdong"]
[Date "2018.11.30"]
[Round "22"]
[White "Dai, Changren"]
[Black "Jakovenko, Dmitry"]
[Result "0-1"]
[WhiteElo "2464"]
[BlackElo "2749"]
[Annotator "TA"]
[PlyCount "64"]
[EventDate "2018.07.09"]
[EventType "team-tourn"]
[EventCountry "CHN"]
[SourceTitle "playchess.com"]
[Source "ChessBase"]
[SourceQuality "1"]

{[%evp 33,64,0,5,-29,-20,-36,-25,-45,-28,-127,-106,-213,-199,-187,-184,-331,-321,-447,-397,-414,-429,-408,-416,-420,-412,-426,-423,-402,-420,-397,-402,-417,-402]} 1. e4 c5 2. Nf3 {[%cal Bg1f3,Bf3d4,Bd4b3][%mdl 32]} d6 3. d4 cxd4 4. Nxd4 Nf6 5. Nc3 a6 6. Be3 e5 7. Nb3 Be6 8. f3 h5 9. Nd5 Bxd5 10. exd5 Nbd7 11. Qd2 Qc7 12. O-O-O Be7 13. Kb1 Nb6 {B90: Sicilian Najdorf: Unusual White 6th moves, 6 Be3 Ng4 and 6 Be3 e5} 14. Qa5 Bd8 (14... Rc8 15. c3 Nc4 16. Qxc7 Rxc7 17. Bf2 Bd8 18. Bd3 O-O 19. Rhe1 g6 20. h3 Kg7 21. g3 {1-0 (65) Mekhitarian,K (2555)-Leitao,R (2633) Rio de Janeiro 2016}) 15. c3 Rc8 16. Bxb6 Qxb6 17. Qa4+ Kf8 {LiveBook: 4 Games} 18. g3 Rc7 19. Bh3 $146 ({Predecessor:} 19. Bg2 Rh6 20. Bh3 h4 21. Bf5 {0-1 (54) Laube,B (2432)-Simakhin,A (2408) ICCF email 2008}) 19... h4 20. f4 Re7 21. Bf5 {[#]} (21. Qc4 $11) 21... e4 $1 $17 {[%cal Be5e4,Be4e3][%mdl 32]} 22. Bh3 (22. Qc4 $17) 22... hxg3 $19 23. hxg3 Qf2 {Hoping for ...e3.} 24. Qb4 {[#]} (24. Qd4 $142 Qxg3 25. Bf5) 24... e3 $1 {[%cal Re3e2] ...e2 is the strong threat.} (24... Qxg3 25. Qxd6 Bc7 26. Qc5 $11) 25. Bg4 ({Much weaker is} 25. Qxd6 Bc7 $19) 25... Rxh1 26. Rxh1 Kg8 {White must now prevent ...Qg2.} ({Much less strong is} 26... e2 27. Bxe2 Qxe2 28. Rh8+ Ng8 29. a3 $19) 27. Qxd6 e2 28. Bxe2 ({Don't play} 28. Qxd8+ Re8 $19) 28... Qxe2 29. Rc1 Qe4+ 30. Ka1 Qxd5 {Black is winning.} 31. Qxd5 Nxd5 32. Rd1 Bb6 {Accuracy: White = 26%, Black = 95%.} 0-1

[Event "Yingmei CHN-chT 2018"]
[Site "Guangdong"]
[Date "2018.11.30"]
[Round "22"]
[White "Ni, Shiqun"]
[Black "Ushenina, Anna"]
[Result "1/2-1/2"]
[WhiteElo "2435"]
[BlackElo "2325"]
[Annotator "TA"]
[PlyCount "85"]
[EventDate "2018.07.09"]
[EventType "team-tourn"]
[EventCountry "CHN"]
[SourceTitle "playchess.com"]
[Source "ChessBase"]
[SourceQuality "1"]

{[%evp 32,85,14,8,18,12,45,2,4,0,0,-9,0,0,12,0,0,0,30,38,33,0,22,21,14,33,18,0,0,0,5,5,10,0,0,0,0,0,0,0,0,0,0,0,0,0,0,0,0,0,0,0,0,0,0,0]} 1. e4 c5 2. Nf3 Nc6 3. d4 cxd4 4. Nxd4 Nf6 5. Nc3 e5 6. Ndb5 {[%cal Bd4b5,Bb5a3,Ba3c2,Bc2b4,Bb4d5][%mdl 32]} d6 7. Bg5 a6 8. Na3 b5 9. Nd5 Be7 10. Bxf6 Bxf6 11. c3 Bg5 12. Nc2 Ne7 13. Ncb4 O-O {B33: Sicilian: Pelikan and Sveshnikov Variations} 14. a4 bxa4 15. Rxa4 (15. Qxa4 a5 16. Bb5 Nxd5 17. Nxd5 Be6 18. Bc6 Rb8 19. b4 Bxd5 20. Bxd5 axb4 21. cxb4 {½-½ (31) Fressinet,L (2650)-Lenic,L (2646) Tbilisi 2017}) 15... a5 16. Nxe7+ Qxe7 17. Bc4 {LiveBook: 18 Games} Qc7 18. Nd5 Qc5 {With the idea ...Bd7.} 19. h4 Bd8 20. Ne3 $146 ({Predecessor:} 20. Qd3 Bd7 {½-½ (49) Rodriguez Vila,A (2468)-Pichot,A (2548) Antofagasta 2017}) 20... Rb8 21. b3 Kh8 22. O-O g6 23. Qd5 Qc7 24. Rd1 Bd7 (24... Bb7 $5 {[%cal Rb7d5]} 25. Qxd6 Qxd6 26. Rxd6 Bxe4 $14) 25. Raa1 Bc6 26. Qd3 (26. Qxd6 {keeps more tension.} Qxd6 27. Rxd6 Bxe4 28. Ng4 Rb7 29. Nxe5 Bc7 30. Nxf7+ Rxf7 31. Rd4) 26... Qe7 27. Qxd6 Qxd6 28. Rxd6 Bxe4 29. f3 {The position is equal.} Bb7 30. Nd5 Kg7 31. g3 Rc8 32. Kg2 Rc5 33. Kf2 (33. Rd7 {seems wilder.} Bc6 34. Rd6 Bb7) 33... Bxd5 34. Rxd5 Rxd5 35. Bxd5 $11 {[%mdl 4096] Endgame KRB-KRB} Bb6+ 36. Ke2 Rd8 37. Bc4 h5 38. b4 axb4 39. cxb4 Rd4 40. Ra6 Rxc4 41. Rxb6 e4 42. fxe4 Rxe4+ 43. Kf3 {Accuracy: White = 75%, Black = 63%.} 1/2-1/2

[Event "Yingmei CHN-chT 2018"]
[Site "Guangdong"]
[Date "2018.11.30"]
[Round "22"]
[White "Wang, Yiye"]
[Black "Zhao, Jun"]
[Result "1/2-1/2"]
[WhiteElo "2431"]
[BlackElo "2612"]
[Annotator "TA"]
[PlyCount "75"]
[EventDate "2018.07.09"]
[EventType "team-tourn"]
[EventCountry "CHN"]
[SourceTitle "playchess.com"]
[Source "ChessBase"]
[SourceQuality "1"]

{[%evp 24,75,1,-1,0,0,0,0,7,0,0,0,8,0,50,43,68,68,62,63,68,68,47,42,75,73,68,82,75,69,109,118,118,109,112,77,84,85,83,6,6,6,6,7,8,0,0,0,0,0,0,0,0,0]} 1. e4 c5 2. c3 Nf6 3. e5 Nd5 4. Nf3 Nc6 5. d4 cxd4 6. cxd4 d6 7. Bc4 Nb6 8. Bb5 dxe5 9. Nxe5 Bd7 10. Bxc6 Bxc6 11. Nxc6 bxc6 12. O-O e6 {B22: Sicilian: 2 c3} (12... g6 13. Be3 Bg7 14. Qc2 O-O 15. Qxc6 Bxd4 16. Bxd4 Qxd4 17. Nc3 Rfc8 18. Qb7 Qd7 19. Qxd7 Nxd7 20. Rad1 Nf6 {½-½ (43) Nguyen,N (2634)-Gelfand,B (2741) Berlin 2015}) 13. Be3 {LiveBook: 10 Games} Bd6 14. Nd2 O-O 15. Rc1 Rc8 16. Nc4 Nd5 $146 ({Predecessor:} 16... Bb8 17. Qf3 Nd5 18. a3 Nxe3 19. Qxe3 Qd5 20. b4 {0-1 (36) Szczecina,K (2018)-Lewtak,D (2123) Karpacz 2015}) 17. Nxd6 Qxd6 18. Rc5 f5 19. Re1 f4 20. Bd2 f3 21. g3 $1 Rf5 {[%cal Bf8f5,Bf5e5,Be5e2,Be2b2][%mdl 32]} 22. Qc2 Qd7 23. Rc1 {[%cal Rc5c6]} Rcf8 24. Rxc6 e5 25. dxe5 Rxe5 {[#] ( -> ...Qh3)} 26. Rc8 Re2 27. Rxf8+ Kxf8 28. Qc5+ Kf7 29. Qd4 Nf6 30. Qxd7+ Nxd7 $16 {[%mdl 4096] Endgame KRB-KRN} 31. Be3 ({Better is} 31. Bc3 $16) 31... Rxb2 $11 {The position is equal.} 32. Bxa7 Rxa2 33. Bd4 h5 34. h3 g5 35. g4 hxg4 36. hxg4 Ra4 37. Rd1 Nf6 38. Rd3 {Precision: White = 72%, Black = 68%.} 1/2-1/2

[Event "Yingmei CHN-chT 2018"]
[Site "Guangdong"]
[Date "2018.11.30"]
[Round "22"]
[White "Ren, Xiaoyi"]
[Black "Khademalsharieh, Sarasadat"]
[Result "1/2-1/2"]
[WhiteElo "2427"]
[BlackElo "2448"]
[Annotator "TA"]
[PlyCount "43"]
[EventDate "2018.07.09"]
[EventType "team-tourn"]
[EventCountry "CHN"]
[SourceTitle "playchess.com"]
[Source "ChessBase"]
[SourceQuality "1"]

{[%evp 20,43,0,-7,9,0,14,12,10,18,31,33,26,18,40,32,37,29,45,37,43,0,43,0,39,0]} 1. d4 Nf6 2. c4 e6 3. g3 d5 4. Bg2 Bb4+ 5. Nd2 {[%cal Bb1d2,Bd2f3,Bf3e5,Be5d3,Bd3f4][%mdl 32]} O-O 6. Ngf3 b6 7. O-O Bb7 8. cxd5 exd5 9. Ne5 Nbd7 10. Ndf3 {E16: Queen's Indian: 4 g3 Bb7 5 Bg2 Bb4+} (10. Qa4 Qe7 11. Ndf3 Bd6 12. Nxd7 Nxd7 13. Bf4 Bxf4 14. gxf4 c5 15. e3 Rfc8 16. Rfd1 c4 17. a3 Bc6 {0-1 (49) Melkumyan,H (2619)-Matlakov,M (2707) Karlsruhe 2017}) 10... Nxe5 11. Nxe5 {LiveBook: 9 Games} h6 12. Bf4 {The position is equal.} Bd6 13. Rc1 Re8 14. Nd3 {[#]} Bxf4 $146 ({Predecessor:} 14... Rc8 15. Bh3 Rb8 16. b4 Ne4 17. Qc2 Ba6 18. Bxd6 cxd6 19. a4 {½-½ (19) Veinberg,N (2353)-Baron,T (2502) Jerusalem 2015}) 15. Nxf4 Qd6 16. Qc2 Re7 17. e3 Ne4 18. Rfe1 Rae8 19. Qb3 Rd8 20. Qc2 Rde8 21. Qb3 Rd8 22. Qc2 {Accuracy: White = 36%, Black = 49%.} 1/2-1/2

[Event "Yingmei CHN-chT 2018"]
[Site "Guangdong"]
[Date "2018.11.30"]
[Round "22"]
[White "Li, Yankai"]
[Black "Ma, Qun"]
[Result "0-1"]
[WhiteElo "2423"]
[BlackElo "2619"]
[Annotator "TA"]
[PlyCount "60"]
[EventDate "2018.07.09"]
[EventType "team-tourn"]
[EventCountry "CHN"]
[SourceTitle "playchess.com"]
[Source "ChessBase"]
[SourceQuality "1"]

{[%evp 14,60,17,14,24,21,21,26,32,29,54,35,27,31,36,29,39,37,44,35,44,38,19,13,36,9,33,13,14,0,28,0,0,0,0,0,0,0,21,0,0,-274,-295,-358,-312,-447,-460,-635,-618]} 1. d4 d5 2. c4 e6 3. Nc3 a6 4. cxd5 exd5 5. Bf4 Nf6 6. e3 {D31: Queen's Gambit Declined: Semi-Slav without ...Nf6 (+ Marshall Gambit and Noteboom) and Exchange Variation lines without ...Nf6} Bd6 7. Bxd6 (7. Bg5 Be6 8. Bd3 Nbd7 9. f4 h6 10. Bh4 g5 11. fxg5 hxg5 12. Bxg5 Rxh2 13. Rxh2 Bxh2 {1-0 (69) Yu,Y (2762)-Fedoseev,V (2707) Danzhou 2018}) 7... Qxd6 8. Bd3 {LiveBook: 25 Games. The position is equal.} Nc6 9. Nge2 Ne7 $146 ({Predecessor:} 9... O-O 10. O-O Nb4 11. Bb1 Bd7 12. a3 Nc6 13. Ng3 Rfe8 14. Bd3 g6 15. Rc1 Nd8 16. Na4 Bb5 17. Nc5 b6 18. Bxb5 axb5 19. Nd3 Ne6 20. Nb4 c5 {1-0 (20) Both,V (1789)-Goncalves,Y Itajai 2014}) 10. Qc2 g6 11. f3 c5 12. dxc5 Qxc5 13. Nd4 Bd7 14. O-O Nc6 15. Qf2 Ne5 16. Rfd1 O-O 17. Rac1 Qb6 18. b3 Rfe8 19. Bb1 Rad8 20. Nce2 a5 21. a4 Re7 22. Rc3 Rde8 23. h3 Nc6 24. Rdc1 Kg7 25. Kh1 Qb4 26. Nc2 Qd6 27. Ne1 $2 {[%mdl 8192] [#]} (27. Ned4 $11) 27... d4 $1 $19 {[%cal Rd4c3][%mdl 512]} 28. Nxd4 Nxd4 29. Rd3 (29. Rd1 {was necessary.} Qb4 30. Rc4 Qxb3 31. Rcxd4 Rxe3 32. Nc2) 29... Qa3 $1 {[%csl LRb3,LRc1][%mdl 64] Double Attack} 30. Rc4 Nc6 {Accuracy: White = 38%, Black = 53%.} 0-1

[Event "Yingmei CHN-chT 2018"]
[Site "Guangdong"]
[Date "2018.11.30"]
[Round "22"]
[White "Xiang, Zeyu"]
[Black "Zeng, Chongsheng"]
[Result "1-0"]
[WhiteElo "2409"]
[BlackElo "2535"]
[Annotator "TA"]
[PlyCount "113"]
[EventDate "2018.07.09"]
[EventType "team-tourn"]
[EventCountry "CHN"]
[SourceTitle "playchess.com"]
[Source "ChessBase"]
[SourceQuality "1"]

{[%evp 9,113,29,48,49,62,62,65,41,43,41,41,39,37,41,44,29,40,31,31,31,16,31,33,20,25,27,29,0,0,0,0,0,0,0,0,-7,52,5,9,0,46,10,62,21,57,21,22,21,21,0,0,6,3,6,8,9,6,8,50,50,51,45,136,157,139,145,314,304,439,414,417,415,619,610,618,611,1144,1824,1422,1611,1716,1777,1261,1070,4008,4906,4656,4656,4354,4354,3455,2535,5918,5918,4614,2533,29974,29975,29988,29989,29991,29992,29992,29986,29982,29983]} 1. d4 Nf6 2. c4 g6 3. f3 d6 (3... c5 4. dxc5 e6 5. Be3 b6 6. cxb6 axb6 7. Bg5 h6 8. Bh4 d5 9. cxd5 exd5 10. e3 Bc5 11. Bb5+ {1-0 (53) Shankland,S (2722)-Svidler,P (2756) Hoogeveen 2018}) 4. e4 e5 5. d5 Nh5 6. Be3 {E60: King's Indian: Unusual lines and Fianchetto Variation without Nc3} Be7 7. Qd2 h6 $146 ({Predecessor:} 7... f5 8. exf5 gxf5 9. Ne2 Bh4+ 10. g3 f4 11. Bf2 {1-0 (36) Gheorghiu,F (2530)-Blocker,C (2385) New York,NY 1985}) 8. g3 {White is slightly better.} Bg5 9. Ne2 Bxe3 10. Qxe3 Qg5 11. Qc3 Nd7 12. Bh3 (12. Na3 {is interesting.} a6 13. h4 Qf6 14. Bg2 O-O 15. Qd2) 12... O-O 13. Bxd7 Bxd7 14. h4 Qe7 15. Qe3 Kh7 16. g4 $1 {[%cal Rg4h5]} Nf4 17. Nxf4 exf4 18. Qxf4 f5 $1 {[%cal Rf5g4]} 19. gxf5 Rxf5 20. Qe3 $1 Raf8 21. Nd2 $36 {[%mdl 2048] White has some pressure.} b6 22. O-O-O {[%cal Be1c1,Bc1c2,Bc2d3][%mdl 32]} Rf4 ({Black should play} 22... Rh5 $1 $11) 23. h5 {hxg6+ is the strong threat.} g5 24. Qc3 Qg7 25. Kc2 g4 ({Better is} 25... Qf7 $11) 26. Qxg7+ $14 Kxg7 27. fxg4 Rxg4 28. Rdg1 Rff4 29. Kd3 Rxg1 30. Rxg1+ $11 {[%mdl 4096] Endgame KRB-KRN} Rg4 31. Rh1 Rg3+ 32. Kd4 Rg2 33. Ke3 Bg4 34. b4 Kf6 35. c5 b5 {[#]} (35... Re2+ $14 36. Kd3 Rg2) 36. Rf1+ $1 $16 Ke7 37. Nb3 Rxa2 $2 (37... Bxh5 $16 38. Rh1 Bg6) 38. Nd4 $18 Bxh5 (38... a5 $142 39. cxd6+ cxd6) 39. Rh1 Be8 40. Rxh6 dxc5 (40... a5 $142 41. cxd6+ cxd6 42. Nf5+ {[%mdl 64] Double Attack} Kd8 43. bxa5 (43. Nxd6 axb4 44. Nxe8 Kxe8 $16) 43... Bd7 44. Nxd6 Kc7) 41. bxc5 b4 42. Kf4 a5 43. d6+ cxd6 44. cxd6+ Kd7 45. e5 Rf2+ 46. Ke3 Rf1 47. Rh7+ Bf7 48. Nf3 Ke8 {[#]} 49. d7+ $1 {[%mdl 576] Deflection, Decoy} Kxd7 50. Rxf7+ {KRN-KR} Kc8 51. e6 {White threatens Rf8+ and mate.} Kd8 52. Rb7 Rh1 53. Ke4 {White mates.} Rb1 54. Nd4 Kc8 55. Ra7 b3 56. Nxb3 Kb8 57. Rxa5 {Accuracy: White = 74%, Black = 50%.} 1-0

[Event "Yingmei CHN-chT 2018"]
[Site "Guangdong"]
[Date "2018.11.30"]
[Round "22"]
[White "Zhang, Ziji"]
[Black "Vallejo Pons, Francisco"]
[Result "0-1"]
[WhiteElo "2397"]
[BlackElo "2713"]
[Annotator "TA"]
[PlyCount "62"]
[EventDate "2018.07.09"]
[EventType "team-tourn"]
[EventCountry "CHN"]
[SourceTitle "playchess.com"]
[Source "ChessBase"]
[SourceQuality "1"]

{[%evp 18,62,36,33,40,31,41,29,31,0,8,0,0,0,0,0,20,18,27,-54,-40,-120,-110,-121,-117,-181,-161,-164,-154,-223,-223,-225,-228,-223,-234,-230,-224,-234,-234,-217,-219,-226,-231,-381,-411,-547,-528]} 1. d4 Nf6 2. c4 e6 3. Nc3 Bb4 4. Qc2 c5 5. dxc5 Bxc5 6. Nf3 Qc7 7. Bg5 a6 8. e3 Be7 9. Be2 d6 10. O-O {LiveBook: 38 Games. E38: Nimzo-Indian: Classical: 4...c5} h6 11. Bh4 Nbd7 $146 ({Predecessor:} 11... b6 12. Ne4 Nbd7 13. Nxf6+ Nxf6 14. Nd4 O-O 15. Bf3 {1-0 (64) Riazantsev,A (2615)-Wojtaszek,R (2637) Evora 2007}) 12. Nd4 {White is slightly better.} b6 13. Bf3 Bb7 14. Bxb7 Qxb7 15. Qe2 Rc8 16. Rac1 O-O (16... g5 $5 17. Bg3 $8 h5 $11) 17. e4 Rfe8 18. f4 (18. Rfd1 $11) 18... Qc7 $15 19. b3 {[#]} ({Better is} 19. f5 $15) 19... Nxe4 $1 $17 {[%mdl 512]} 20. Qxe4 {And now Bxe7 would win.} (20. Nxe4 Bxh4) 20... Bxh4 21. f5 (21. Qd3 $17) 21... Bg5 $1 $19 {[%cal Bh4g5,Bg5c1,Bc1e3][%mdl 32] White must now prevent ...d5.} 22. fxe6 Nf6 {[%cal Bd7f6,Bf6d5,Bd5e3][%mdl 32]} 23. Qd3 (23. Rxf6 $17 {is a better defense.} Bxf6 24. Nd5 Bxd4+ 25. Qxd4) 23... Bxc1 (23... fxe6 24. Rce1 $15) 24. Nd5 Nxd5 $1 25. exf7+ {[#]} Qxf7 $1 26. Rxf7 Be3+ $1 ({Much less strong is} 26... Kxf7 27. Qf1+ Nf4 28. Qxc1 $17) 27. Kh1 {[#] Hoping for Nf5.} Bxd4 $1 ({Less strong is} 27... Kxf7 28. Nc2 $15 (28. Nf5 Nb4 $11)) 28. Rf1 Ne3 29. Rb1 {[#]} Bf6 $1 30. Qxd6 (30. Re1 $142 Ng4 31. Rf1) 30... Rcd8 31. Qxb6 Nd1 {Accuracy: White = 45%, Black = 73%.} 0-1

[Event "Yingmei CHN-chT 2018"]
[Site "Guangdong"]
[Date "2018.11.30"]
[Round "22"]
[White "Wang, Pin"]
[Black "An, Zhixiao"]
[Result "1/2-1/2"]
[WhiteElo "2394"]
[BlackElo "2071"]
[Annotator "TA"]
[PlyCount "83"]
[EventDate "2018.07.09"]
[EventType "team-tourn"]
[EventCountry "CHN"]
[SourceTitle "playchess.com"]
[Source "ChessBase"]
[SourceQuality "1"]

{[%evp 18,83,0,0,0,0,0,0,17,-10,0,0,0,0,0,-4,-2,-8,-35,-62,0,7,1,-39,-37,-37,-22,-33,0,0,0,0,26,26,26,26,31,23,30,0,0,0,0,0,0,0,0,0,0,0,0,0,0,0,0,0,508,0,0,0,497,460,864,856,806,794,597,0]} 1. d4 d5 2. Bf4 Nf6 3. e3 e6 4. Nf3 Be7 5. h3 b6 6. Bd3 Bb7 7. O-O O-O 8. Nbd2 Nbd7 9. Qe2 c5 10. c3 {LiveBook: 8 Games} c4 {D02: 1 d4 d5 2 Nf3 sidelines, including 2...Nf6 3 g3 and 2...Nf6 3 Bf4} (10... Ne4) 11. Bc2 b5 12. Ne5 Ne4 {The position is equal.} 13. Rad1 $146 ({Predecessor:} 13. Nxd7 Qxd7 14. Nxe4 dxe4 15. Qh5 a5 16. f3 g6 17. Qg4 {0-1 (44) Arenillas,R (1924)-De Oliveira,V (2060) Manaus 2017}) 13... f5 14. Nxe4 dxe4 15. a4 a6 16. b3 Nxe5 17. Bxe5 Bd5 18. b4 Bd6 (18... a5 $1 $15 19. f3 exf3 20. gxf3 axb4 21. cxb4 Bc6) 19. Bxd6 $11 Qxd6 20. axb5 axb5 21. Ra1 Qc6 22. Rfe1 Rxa1 23. Rxa1 Ra8 24. Qe1 Ra6 25. Ra5 Qb6 26. Qa1 Bb7 27. Rxa6 Qxa6 28. Qxa6 (28. Qa5 {is more complex.} Qxa5 29. bxa5 Kf7 30. f3 exf3 31. gxf3 Kf6 32. Bd1) 28... Bxa6 $14 {[%mdl 4096] Endgame KB-KB} 29. f3 exf3 30. gxf3 Bb7 31. Kf2 Kf7 32. h4 Kf6 33. e4 g6 34. Ke3 h6 35. e5+ Ke7 36. f4 h5 $2 {[%mdl 8192] [#]} (36... Bd5 $11) 37. Bd1 $2 (37. d5 $1 $18 {[%cal Rd5e6][%mdl 512] dxe6 is the strong threat.} Bxd5 38. Kd4) 37... Kd7 $11 38. Bc2 Ke7 $2 {[%mdl 8192] [#]} (38... Bc6 $11 {and Black is okay.}) 39. d5 $1 $18 {[%cal Rd5e6][%mdl 512] White is clearly winning.} Bxd5 (39... exd5 $142 40. Kd4 Kd7) 40. Kd4 Kd7 41. Kc5 Bc6 42. Kd4 $2 {Accuracy: White = 68%, Black = 53%.} ({White must play} 42. Kb6 $18 Be4 43. Bd1) 1/2-1/2

[Event "Yingmei CHN-chT 2018"]
[Site "Guangdong"]
[Date "2018.11.30"]
[Round "22"]
[White "Zou, Chen"]
[Black "Andreikin, Dmitry"]
[Result "0-1"]
[WhiteElo "2384"]
[BlackElo "2702"]
[Annotator "TA"]
[PlyCount "66"]
[EventDate "2018.07.09"]
[EventType "team-tourn"]
[EventCountry "CHN"]
[SourceTitle "playchess.com"]
[Source "ChessBase"]
[SourceQuality "1"]

{[%evp 9,66,-8,-8,0,0,0,23,17,38,-11,0,-23,-17,-33,-33,-33,-32,-41,-33,-38,-45,-50,-45,-58,-54,-51,-47,-95,-100,-95,-83,-92,-77,-95,-101,-91,-89,-74,-56,-120,-108,-115,-107,-119,-108,-222,-222,-279,-205,-408,-367,-1192,-917,-1589,-1569,-1543,-1483,-1112,-1080]} 1. e4 c5 2. Nf3 a6 3. c4 Nc6 4. Nc3 e5 5. g3 (5. Be2 g6 6. a3 Bg7 7. b4 d6 8. O-O Nge7 9. Rb1 O-O 10. d3 h6 11. bxc5 dxc5 12. Nd5 {0-1 (34) Perunovic,M (2696)-Tadic,B (2545) Belgrade 2014}) 5... d6 6. Bg2 {B28: Sicilian: 2 Nf3 a6 (O'Kelly Variation)} b5 7. d3 bxc4 $146 ({Predecessor:} 7... Rb8 8. O-O Nge7 9. b3 g6 10. Bg5 Bg7 11. Nd5 h6 12. Bxe7 Nxe7 13. Nxe7 Qxe7 {1-0 (40) Neshkov,V-Alagulian,K (2263) Samara 2002}) 8. dxc4 {White has an edge.} Nf6 9. Bg5 Be7 {[%cal Bf8e7,Be7f6,Bf6g7,Bg7h6][%mdl 32]} 10. Bxf6 (10. O-O {is more complex.} Rb8 11. b3 O-O 12. Qd3 Nd4 13. Bd2) 10... Bxf6 11. Qa4 Bb7 12. h4 O-O 13. O-O g6 14. Nd5 Bg7 15. Bh3 Rb8 16. Qc2 f5 17. Rad1 Nb4 18. Qb1 Nxd5 19. cxd5 {[#]} Bh6 $1 20. Nd2 {[%cal Re4f5]} a5 {[%cal Ba6a5,Ba5a4][%mdl 32]} 21. exf5 {[#]} Bc8 $1 22. Nc4 gxf5 23. Qc2 Kh8 24. Qc3 ({White should play} 24. b3 $15) 24... Ba6 $17 25. b3 {[#]} a4 $1 {[%mdl 512]} 26. Rfe1 (26. bxa4 Rb4) 26... f4 27. Bf1 (27. Be6 $17 {might work better.}) 27... Qf6 $19 28. Re2 Rb7 {[%cal Bb8b7,Bb7g7,Bg7g3][%mdl 32]} 29. Rb2 $2 (29. Kh2) 29... Rg7 30. Kh2 $2 (30. Bg2) 30... Rfg8 {aiming for ...fxg3+.Black is clearly winning.} 31. Rd3 fxg3+ 32. fxg3 Qxf1 33. Rf3 {[#]} Rxg3 $1 {[%mdl 512] Accuracy: White = 31%, Black = 87%.} 0-1

[Event "Yingmei CHN-chT 2018"]
[Site "Guangdong"]
[Date "2018.11.30"]
[Round "22"]
[White "Tan, Zhongyi"]
[Black "Zhou, Zirun"]
[Result "1-0"]
[WhiteElo "2319"]
[BlackElo "2429"]
[Annotator "TA"]
[PlyCount "59"]
[EventDate "2018.07.09"]
[EventType "team-tourn"]
[EventCountry "CHN"]
[SourceTitle "playchess.com"]
[Source "ChessBase"]
[SourceQuality "1"]

{[%evp 17,59,0,32,24,64,60,54,26,48,55,45,42,42,45,47,29,46,0,18,19,82,76,111,0,72,0,24,0,0,0,0,0,246,239,330,331,397,282,542,517,606,543,605,656]} 1. e4 c5 2. Nf3 d6 3. d4 cxd4 4. Nxd4 Nf6 5. Nc3 a6 6. h3 e5 7. Nde2 h5 {B90: Sicilian Najdorf: Unusual White 6th moves, 6 Be3 Ng4 and 6 Be3 e5} 8. Nd5 Nxd5 9. Qxd5 Nd7 {LiveBook: 3 Games. The position is equal.} 10. c4 $146 ({Predecessor:} 10. Nc3 Nf6 11. Qd3 Be7 12. Bg5 Be6 13. O-O-O Qa5 14. a3 Rc8 15. Bxf6 Bxf6 {1-0 (51) Anand,V (2770)-Vachier Lagrave,M (2789) Leuven 2016}) 10... Nf6 11. Qd3 $1 Be6 12. Bd2 g6 13. Nc3 Rc8 14. b3 Bh6 15. Bxh6 Rxh6 16. Qd2 Rh8 17. Rd1 Qa5 18. Be2 b5 (18... Kf8 $11 {remains equal.}) 19. O-O $16 b4 {[#]} 20. Nb1 ({Only move:} 20. Na4 $1 $16) 20... Rc6 {[#]} (20... Nxe4 $11 {keeps the balance.} 21. Qe3 f5) 21. Bd3 (21. a3 $1 $16) 21... Qc5 22. a3 a5 23. axb4 axb4 24. Qg5 $36 {[%mdl 2048] White is more active.} Ke7 $2 (24... Nh7 $11 {and Black is okay.} 25. Qh4 Kf8) 25. Be2 $18 Bd7 26. Rd5 Qa7 27. Kh1 Re8 $2 (27... Be6 {was called for.}) 28. Rd3 {White is clearly winning.} Qc7 29. f4 Bc8 {[#]} 30. c5 $1 {[%mdl 512] Accuracy: White = 57%, Black = 20%.} 1-0